• 首页
  • 本馆介绍
  • 公告通知
  • 最新文献
  • 馆藏检索
  • 电子资源
  • 读者导购
  • 参考咨询
  • 我的图书馆
  • 登录
  • 详细信息显示
  • 放入我的书架
  • 预约/预借图书
  • 作者相关作品
  • 分类相关作品
  • 丛书相关作品
  • 出版社相关作品

书目信息

  • 表格格式
  • 工作单格式
  • 卡片格式
题名:
青年们, 读马克思吧!
    
 
作者: 内田树, , 石川康宏 著 ;鲍忆涵 译
分册: Ⅲ   马克思和美国
出版信息: 北京   东方出版社  2019.08
页数: 220页
开本: 20cm
丛书名:
单 册:
中图分类: A81-49
科图分类:
主题词: 马克思主义理论--ma ke si zhu yi li lun--青年读物
电子资源:
ISBN: 978-7-5207-1105-0
000 01318nam 2200277 450
001 CAL 0120192852797
005 20230307191644.45
010    @a978-7-5207-1105-0@dCNY36.00
100    @a20191010d2019 em y0chiy0120 ea
101 1  @achi@cjpn
102    @aCN@b110000
105    @ay z 000yy
106    @ar
200 1  @a青年们, 读马克思吧!@Aqing nian men , du ma ke si ba !@hⅢ@i马克思和美国@f(日) 内田树, 石川康宏著@g鲍忆涵译
210    @a北京@c东方出版社@d2019.08
215    @a220页@d20cm
314    @a内田树, 日本著名学者、评论家、畅销书作家。石川康宏, 日本著名学者。
330    @a本书为“青年们, 读马克思吧! ”系列图书的第三部, 作者为日本著名学者内田树、石川康宏。二人以书信往来的形式, 从分析马克思与美国的关系入手, 以两种独特迥异的解读方式, 结合当下社会现实, 对《法兰西内战》、马克思曾办过移民美国德克萨斯州的手续、成为美国最大报刊的专栏作家、马克思对美国资本主义的研究和认知、马克思是个什么样的人、我们现在再学习马克思主义有什么意义等问题进行了恰如其分地解读。
517 1  @a马克思和美国@Ama ke si he mei guo
606 0  @a马克思主义理论@Ama ke si zhu yi li lun@j青年读物
690    @aA81-49@v5
701  0 @a内田树,@Anei tian shu@f1950-@4著
701  0 @a石川康宏@Ashi chuan kang hong@4著
702  0 @a鲍忆涵@Abao yi han@4译
801  0 @aCN@bBJXHZP@c20230228
905    @b1389103-7@dA81-49@e471:3@f5
    
    青年们, 读马克思吧!.Ⅲ.马克思和美国/(日) 内田树, 石川康宏著/鲍忆涵译.-北京:东方出版社,2019.08
    220页;20cm
    
    
    ISBN 978-7-5207-1105-0:CNY36.00
    本书为“青年们, 读马克思吧! ”系列图书的第三部, 作者为日本著名学者内田树、石川康宏。二人以书信往来的形式, 从分析马克思与美国的关系入手, 以两种独特迥异的解读方式, 结合当下社会现实, 对《法兰西内战》、马克思曾办过移民美国德克萨斯州的手续、成为美国最大报刊的专栏作家、马克思对美国资本主义的研究和认知、马克思是个什么样的人、我们现在再学习马克思主义有什么意义等问题进行了恰如其分地解读。
●
相关链接 在E读中查询图书 在五车中查询图书 在当当中查询图书 在豆瓣中查询图书


正题名:青年们, 读马克思吧!     索取号:A81-49/471:3         预约/预借

序号 登录号 条形码 馆藏地/架位号 状态 备注
1 1389103   213891038   第一样本阅览室/ [索取号:A81-49/471:3] 在馆    
2 1389104   213891047   第一借阅区/ [索取号:A81-49/471:3] 在馆    
3 1389105   213891056   第一借阅区/ [索取号:A81-49/471:3] 在馆    
4 1389106   213891065   第一借阅区/ [索取号:A81-49/471:3] 在馆    
5 1389107   213891074   第一借阅区/ [索取号:A81-49/471:3] 在馆    
唐山师范学院图书馆 欢迎您!
大连网信软件有限公司© 版权所有